1304 1360 1209 1746 1945 1529 1936 1819 1102 1417 1494 1775 1471 1909 1358 1804 1316 1538 1607 1556 1291 1880 1531 1961 1189 1219 1951 1344 1694 1007 1688 1714 1976 1530 1535 1133 1171 1054 1711 1336 1392 1583 1549 1764 1180 1295 1582 1873 1261 1139 1490 1624 1285 1363 1692 1897 1255 1426 1406 1047 1961 1455 1352 1100 1731 1411 1512 1882 1712 1794 1945 1488 1169 1003 1104 1163 1393 1608 1946 1360 1948 1896 1805 1256 1021 1921 1740 1165 1323 1486 1218 1493 1266 1358 1809 1888 1488 1215 1561 BCNSPRNW ULIB Ver.6.0+V

เปลี่ยนเป็นภาษาไทย

Change to English
 แสดงรายละเอียดบรรณานุกรม
  กลับหน้าหลัก

Brief Record : Get Marc (ISO 2709) : E-mail record : QR code < ปิดหน้าต่าง
LEADER : 00000nam 2200000uu 4500
001    13399126855
003     ULIB
008    190612s2561||||th 000 0 tha d
020 ^  ^a9786164681583
050  0 ^aBF155.6713^bจ628จ
100 0  ^aจุฑามาศ แหนจอน.
245 1  ^aจิตวิทยาการรู้คิด /^cจุฑามาศ แหนจอน.
246 3  ^aCognitive psychology
250 ^  ^aพิมพ์ครั้งที่ 1.
260 ^  ^aกรุงเทพฯ :^bแกรนด์พอยท์,^c2561.
300 ^  ^a359 หน้า :^bภาพประกอบ ;^c26 ซม.
500 ^  ^aมีดัชนี.
505 2  ^aความรู้พื้นฐานด้านจิตวิทยาการรู้คิด -- โครงสร้างและการทำงานของสมอง -- การรับรู้ -- ความสนใจจดจ่อ -- ความจำ -- หน้าที่บริหารจัดการของสมอง -- ความรู้ -- การจินตภาพด้วยภาพ -- ภาษา -- การคิดแก้ปัญหา -- การให้เหตุผลและการตัดสินใจ.
650 ^  ^aความคิดสร้างสรรค์.
650 ^  ^aความจำ.
650 ^  ^aจิตวิทยา.
650 ^  ^aจิตวิทยาการรู้คิด.
650 ^  ^aปัญญา.
945    ^p0^l0^i27380
945    ^p0^l0^i27379
999    ^aกัณชพร จุลอักษร
รายการนี้ยังไม่มีแท็ก
คุณยังไม่ได้ล็อกอิน คุณสามารถมีกิจกรรมร่วมกับเว็บไซต์ได้ แต่ต้องล็อกอินก่อน ::
  ล็อกอิน

รายการสื่อสารสนเทศ

ลำดับที่ ประเภท เลขเรียก/บาร์โค้ด สถานที่ สถานะ
1. วิทยาศาสตร์การแพทย์ และสุขภาพ
วิทยาศาสตร์การแพทย์ และสุขภาพ
BF155.6713 จ628จ ฉ.1 
  Barcode: 27379
ห้องสมุดวิทยาเขตนครสวรรค์
►หนังสือทั่วไป:l:General Books
บนชั้น
2. วิทยาศาสตร์การแพทย์ และสุขภาพ
วิทยาศาสตร์การแพทย์ และสุขภาพ
BF155.6713 จ628จ ฉ.2 
  Barcode: 27380
ห้องสมุดวิทยาเขตนครสวรรค์
►หนังสือทั่วไป:l:General Books
บนชั้น

รายการใกล้เคียง
    ผู้แต่ง [จุฑามาศ แหนจอน.]

    หัวเรื่อง [ความคิดสร้างสรรค์.]
    หัวเรื่อง [ความจำ.]
    หัวเรื่อง [จิตวิทยา.]
    หัวเรื่อง [จิตวิทยาการรู้คิด.]
    หัวเรื่อง [ปัญญา.]

BibComment


ยังไม่เคยถูกคอมเมนท์

คอมเมนท์ทรัพยากรรายการนี้
  คอมเมนท์: จิตวิทยาการรู้คิ..


 Copyright 2026. Bcnsprnw @Library